[Event "Untergrombach op 37th"]
[Site "Untergrombach"]
[Date "2020.01.03"]
[Round "2"]
[White "Feil, Stephan"]
[Black "Grundmann, Alexander"]
[Result "1-0"]
[WhiteElo "2121"]
[BlackElo "1929"]
[PlyCount "53"]
[EventDate "2020.01.02"]
[EventType "swiss"]
[EventRounds "7"]
[EventCountry "GER"]
[SourceTitle "CBM 194 Extra"]
[Source "ChessBase"]
[SourceDate "2020.03.31"]
[SourceVersion "1"]
[SourceVersionDate "2020.03.31"]
[SourceQuality "1"]

1. e4 Nc6 2. Nf3 e5 3. d4 exd4 4. Nxd4 g6 5. Nxc6 bxc6 6. Bc4 Nf6 7. 0-0 Bg7 8. e5 Nd5 9. Bxd5 cxd5 10. Qxd5 Ba6 11. Re1 0-0 12. Nd2 Rb8 13. Nf3 Rb5 14. Qd3 Qc8 15. c4 Rc5 16. b3 d5 17. Ba3 dxc4 18. Qe4 Bb7 19. Qf4 g5 20. Nxg5 Rc6 21. Bxf8 Qxf8 22. Qe4 Qc8 23. Qxh7+ Kf8 24. e6 fxe6 25. Qg6 Kg8 26. Qf7+ Kh8 27. Re4 1-0

[Event "Untergrombach op 34th"]
[Site "Untergrombach"]
[Date "2017.01.06"]
[Round "5"]
[White "Feil, Stephan"]
[Black "Grundmann, Alexander"]
[Result "1-0"]
[WhiteElo "2177"]
[BlackElo "1989"]
[PlyCount "153"]
[EventDate "2017.01.03"]
[EventType "swiss"]
[EventRounds "7"]
[EventCountry "GER"]
[SourceTitle "CBM 176 Extra"]
[Source "ChessBase"]
[SourceDate "2017.03.02"]
[SourceVersion "1"]
[SourceVersionDate "2017.03.02"]
[SourceQuality "1"]

1. e4 Nc6 2. Nf3 e5 3. d4 exd4 4. Nxd4 Bc5 5. Nxc6 Qf6 6. Qf3 dxc6 7. Bc4 Be6 8. Bb3 Rd8 9. Nd2 Rd4 10. c3 Rd7 11. Qxf6 Nxf6 12. Bxe6 fxe6 13. f3 b5 14. Nb3 Bb6 15. Bf4 0-0 16. Be5 c5 17. Ke2 Rfd8 18. Rhd1 a5 19. a4 Rxd1 20. Rxd1 Rxd1 21. Kxd1 Nd7 22. Bg3 c6 23. c4 bxa4 24. Nc1 Bd8 25. Kc2 Bf6 26. Nd3 e5 27. Bf2 Be7 28. Be1 Bd8 29. Bc3 Bc7 30. Be1 Kf7 31. Bf2 Bd6 32. Be3 Ke6 33. Kc3 g6 34. Bg5 Bc7 35. Bh4 Bb6 36. Bf2 Ba7 37. Be3 Bb6 38. h3 Ba7 39. Bg1 Bb6 40. Bf2 Ba7 41. Kc2 Kd6 42. Be1 Nb6 43. Kc3 Nd7 44. Bg3 Ke6 45. Bh2 Bb8 46. Bg3 Bc7 47. Bh4 Bb6 48. Bg5 Bc7 49. Bh6 Bb8 50. Nc1 Bc7 51. Kd3 Nb8 52. Ne2 Na6 53. Nc3 Nb4+ 54. Kd2 a3 55. bxa3 Na6 56. Be3 Bd6 57. Na4 Kd7 58. Kc3 Kc7 59. Kb3 Kb7 60. Bd2 Bc7 61. Nb2 Kb6 62. Ka4 Kb7 63. Nd3 Bd6 64. Bxa5 Nb8 65. Bc3 Nd7 66. Kb3 Ka6 67. g3 Kb6 68. f4 Be7 69. Bxe5 Nf8 70. f5 gxf5 71. exf5 Nd7 72. g4 Bh4 73. Bd6 Bg5 74. Ne5 Nf6 75. Be7 h5 76. Bxf6 Bxf6 77. Nd7+ 1-0

[Event "Untergrombach op 34th"]
[Site "Untergrombach"]
[Date "2017.01.04"]
[Round "2"]
[White "Grundmann, Alexander"]
[Black "Mueller, Erich2222"]
[Result "1/2-1/2"]
[WhiteElo "1989"]
[BlackElo "2147"]
[PlyCount "134"]
[EventDate "2017.01.03"]
[EventType "swiss"]
[EventRounds "7"]
[EventCountry "GER"]
[SourceTitle "CBM 176 Extra"]
[Source "ChessBase"]
[SourceDate "2017.03.02"]
[SourceVersion "1"]
[SourceVersionDate "2017.03.02"]
[SourceQuality "1"]

1. d4 g6 2. Nc3 Bg7 3. Nf3 c5 4. e3 Nc6 5. Be2 b6 6. 0-0 Bb7 7. d5 Ne5 8. d6 Nxf3+ 9. Bxf3 Bxf3 10. Qxf3 Bxc3 11. bxc3 Rc8 12. c4 Rc6 13. Bb2 f6 14. Rad1 Nh6 15. Qf4 Nf7 16. dxe7 Kxe7 17. Rd5 Re6 18. Rfd1 d6 19. Qh4 h6 20. f4 g5 21. Qg4 Re8 22. Qf5 Kd7 23. e4 Qe7 24. fxg5 hxg5 25. Rf1 Nh6 26. Qh3 Ng8 27. e5 fxe5 28. Bxe5 Kc7 29. Bg3 Rh6 30. Qf5 Qe3+ 31. Bf2 Qf4 32. Bg3 Qxf5 33. Rdxf5 Rg6 34. Rd1 Ne7 35. Rf7 Kc6 36. Re1 Kd7 37. h4 gxh4 38. Bxh4 Re6 39. Rd1 Kc6 40. Rd3 Ng6 41. Bg3 Ne5 42. Bxe5 Rxe5 43. Rf6 R8e6 44. Rxe6 Rxe6 45. Kf2 Re4 46. Rc3 Kd7 47. Kf3 Rd4 48. g4 Ke6 49. Kg3 Kf6 50. Kh4 Rd1 51. Rd3 Rh1+ 52. Kg3 Ra1 53. Ra3 a5 54. Kf4 Rc1 55. g5+ Kg6 56. Rd3 Rf1+ 57. Kg4 Rg1+ 58. Kf4 Rf1+ 59. Ke4 Kxg5 60. Kd5 Rf2 61. Rc3 Kf4 62. Kxd6 Ke4 63. Kc6 Kd4 64. Rh3 Kxc4 65. Rh4+ Kc3 66. Kxb6 Rxc2 67. Kxc5 Rxa2 1/2-1/2

[Event "Neuhausen OBM op"]
[Site "Neuhausen"]
[Date "2008.05.20"]
[Round "2"]
[White "Fernandez, Jorge Luis"]
[Black "Grundmann, Alexander"]
[Result "1-0"]
[WhiteElo "2213"]
[BlackElo "2011"]
[PlyCount "59"]
[EventDate "2008.05.20"]
[EventType "swiss"]
[EventRounds "9"]
[EventCountry "GER"]
[SourceTitle "CBM 124 Extra"]
[Source "ChessBase"]
[SourceDate "2008.07.03"]
[SourceVersion "1"]
[SourceVersionDate "2008.07.03"]
[SourceQuality "1"]

1. e4 Nc6 2. Nf3 e5 3. Bb5 a6 4. Ba4 Nf6 5. Qe2 Bd6 6. c3 0-0 7. 0-0 b5 8. Bc2 Ne7 9. d4 Ng6 10. dxe5 Bxe5 11. Nxe5 Nxe5 12. f4 Nc4 13. e5 Re8 14. Qd3 Nxe5 15. fxe5 Rxe5 16. Nd2 Bb7 17. Nf3 Be4 18. Qd1 Rd5 19. Qe2 Bxc2 20. Qxc2 Qe7 21. Re1 Qd6 22. Be3 Ng4 23. Bd4 c5 24. Bf2 Nxf2 25. Qxf2 Qf6 26. Rad1 Rxd1 27. Rxd1 d6 28. Qd2 Rd8 29. Qd5 h6 30. Re1 1-0